[Event "Ambelokipi op 135th"]
[Site "Athens"]
[Date "2013.06.15"]
[Round "5"]
[White "Papadakis, Michalis"]
[Black "Anastasopoulos, Spyros"]
[Result "1-0"]
[WhiteElo "2222"]
[BlackElo "2199"]
[PlyCount "59"]
[EventDate "2013.05.18"]
[EventType "swiss"]
[EventRounds "7"]
[EventCountry "GRE"]
[SourceTitle "EXT 2024"]
[Source "ChessBase"]
[SourceDate "2023.10.10"]
[SourceVersion "1"]
[SourceVersionDate "2023.10.10"]
[SourceQuality "1"]

1. d4 e6 2. c4 Nf6 3. Nc3 Bb4 4. Qc2 d5 5. a3 Bxc3+ 6. Qxc3 0-0 7. Nf3 dxc4 8. Qxc4 b6 9. g3 Ba6 10. Qc2 Bb7 11. Bg2 Nbd7 12. 0-0 Be4 13. Qa4 c5 14. Rd1 Qc7 15. Bf4 Qb7 16. Rac1 Rfc8 17. dxc5 Nxc5 18. Qd4 Re8 19. Qe5 Rad8 20. b4 Nd3 21. Rxd3 Rxd3 22. exd3 Bxf3 23. Rc7 Qa8 24. Bh6 Bxg2 25. Qg5 Nh5 26. Qxh5 Qf3 27. Qg5 g6 28. Qe5 f5 29. Rg7+ Kh8 30. Qc7 1-0

[Event "Ambelokipi op 127th"]
[Site "Athens"]
[Date "2012.09.12"]
[Round "2"]
[White "Anastasopoulos, Spyros"]
[Black "Karlis, Nikolaos"]
[Result "1-0"]
[WhiteElo "2228"]
[BlackElo "1824"]
[PlyCount "81"]
[EventDate "2012.09.08"]
[EventType "swiss"]
[EventRounds "7"]
[EventCountry "GRE"]
[SourceTitle "EXT 2024"]
[Source "ChessBase"]
[SourceDate "2023.10.10"]
[SourceVersion "1"]
[SourceVersionDate "2023.10.10"]
[SourceQuality "1"]

1. d4 d5 2. c4 e6 3. Nc3 c6 4. Nf3 Nf6 5. Bg5 Be7 6. e3 0-0 7. Rc1 Nbd7 8. Bd3 dxc4 9. Bxc4 Nd5 10. Bxe7 Qxe7 11. Ne4 N7f6 12. Ng3 Qb4+ 13. Qd2 Qxd2+ 14. Kxd2 Nd7 15. Rhd1 Re8 16. Ke1 h6 17. Ne4 N7f6 18. Nc5 b6 19. Nd3 Bb7 20. Nfe5 Rac8 21. Bb3 Ne4 22. Ba4 b5 23. Bb3 f6 24. Nd7 Re7 25. N7c5 Nxc5 26. Nxc5 a5 27. a3 a4 28. Ba2 Kf7 29. e4 Nb6 30. f4 g6 31. g4 Rcc7 32. Nxe6 Rc8 33. f5 gxf5 34. gxf5 Nc4 35. Bxc4 bxc4 36. Rxc4 Rg8 37. Kf2 c5 38. d5 Rg4 39. Rg1 h5 40. Rxg4 hxg4 41. Rxa4 1-0

[Event "Athens op 03-A"]
[Site "Athens"]
[Date "2012.04.10"]
[Round "6"]
[White "Anastasopoulos, Spyros"]
[Black "Nikolaou, Georgios"]
[Result "1/2-1/2"]
[WhiteElo "2203"]
[BlackElo "2208"]
[PlyCount "128"]
[EventDate "2012.03.06"]
[EventType "swiss"]
[EventRounds "7"]
[EventCountry "GRE"]
[SourceTitle "EXT 2014"]
[Source "ChessBase"]
[SourceDate "2013.11.20"]
[SourceVersion "1"]
[SourceVersionDate "2013.11.20"]
[SourceQuality "1"]

1. e4 c5 2. Nc3 Nc6 3. Nf3 g6 4. d4 cxd4 5. Nxd4 Bg7 6. Nb3 Nf6 7. Be2 0-0 8. 0-0 d6 9. Re1 Be6 10. Bf1 Rc8 11. Nd5 Re8 12. Bg5 Bxd5 13. exd5 Ne5 14. Rc1 Qd7 15. Bxf6 Bxf6 16. Nd4 a6 17. c4 Qg4 18. Qxg4 Nxg4 19. Rcd1 Rc7 20. b3 Kf8 21. f4 Rb8 22. h3 Bxd4+ 23. Rxd4 Nf6 24. a4 a5 25. Bd3 Nd7 26. Bc2 Nc5 27. Re3 Rd8 28. Rd2 e6 29. dxe6 fxe6 30. h4 Rf7 31. g3 Kg7 32. Kg2 Re7 33. g4 Rf7 34. Kg3 h5 35. gxh5 gxh5 36. f5 exf5 37. Kf4 Ne4 38. Bxe4 fxe4+ 39. Kxe4 Re7+ 40. Kd3 Rxe3+ 41. Kxe3 Kf6 42. Rd5 Re8+ 43. Kd3 Ke6 44. Rxa5 Rh8 45. Rb5 Rh7 46. Kd4 Rg7 47. Rxh5 Rg4+ 48. Kc3 Kd7 49. Rh7+ Kc6 50. h5 b6 51. Rh8 Rg3+ 52. Kb4 Rg5 53. h6 Rh5 54. h7 Kb7 55. a5 bxa5+ 56. Ka4 Ka7 57. Rd8 Rxh7 58. Rxd6 Rb7 59. Rh6 Rb4+ 60. Ka3 Kb7 61. Rh8 Ka7 62. Rh3 Kb7 63. Ka2 a4 64. Ka3 Rxb3+ 1/2-1/2

[Event "Athens Siaperas Memorial 8th"]
[Site "Athens"]
[Date "2012.02.04"]
[Round "1"]
[White "Petousis, Konstantinos"]
[Black "Anastasopoulos, Spyros"]
[Result "0-1"]
[WhiteElo "1626"]
[BlackElo "2203"]
[PlyCount "102"]
[EventDate "2012.02.04"]
[EventType "swiss"]
[EventRounds "7"]
[EventCountry "GRE"]
[SourceTitle "EXT 2014"]
[Source "ChessBase"]
[SourceDate "2013.11.20"]
[SourceVersion "1"]
[SourceVersionDate "2013.11.20"]
[SourceQuality "1"]

1. e4 c5 2. c3 d5 3. exd5 Qxd5 4. d4 Nf6 5. Nf3 Bg4 6. Be2 e6 7. 0-0 Nc6 8. h3 Bh5 9. Na3 cxd4 10. Nb5 Rc8 11. Nbxd4 Bc5 12. Be3 Bxd4 13. Nxd4 Bxe2 14. Qxe2 a6 15. Rfd1 Nxd4 16. Rxd4 Qc6 17. Rad1 0-0 18. Rd6 Qc7 19. Bb6 Qc4 20. Qxc4 Rxc4 21. Rd8 Nd5 22. Rxf8+ Kxf8 23. Bd4 b5 24. b3 Rc6 25. Rc1 f6 26. c4 e5 27. Bb2 bxc4 28. bxc4 Nf4 29. Rc2 Kf7 30. Bc1 Ne6 31. Be3 f5 32. Kf1 f4 33. Ba7 e4 34. Rc3 Kf6 35. Ke2 Ke5 36. g3 g5 37. Kd2 Rc8 38. Rc1 Rd8+ 39. Ke1 Ra8 40. Bb6 Rc8 41. Kd2 Nd4 42. Ba7 Nc6 43. Bb6 Nb4 44. gxf4+ gxf4 45. a3 Nd3 46. Rg1 Rxc4 47. Rg7 Rc6 48. Ba7 Rg6 49. Rxg6 hxg6 50. h4 Kf5 51. Bb6 Kg4 0-1

[Event "Athens Smaok 1900+ 13th"]
[Site "Athens"]
[Date "2011.11.15"]
[Round "2.4"]
[White "Anastasopoulos, Spyros"]
[Black "Koutoukidis, Panagiotis"]
[Result "1/2-1/2"]
[WhiteElo "2193"]
[BlackElo "2084"]
[PlyCount "72"]
[EventDate "2011.11.08"]
[EventType "swiss"]
[EventRounds "7"]
[EventCountry "GRE"]
[SourceTitle "EXT 2024"]
[Source "ChessBase"]
[SourceDate "2023.10.10"]
[SourceVersion "1"]
[SourceVersionDate "2023.10.10"]
[SourceQuality "1"]

1. d4 Nf6 2. c4 e6 3. Nc3 Bb4 4. Nf3 c5 5. g3 cxd4 6. Nxd4 Ne4 7. Qd3 Bxc3+ 8. bxc3 Nc5 9. Qc2 b6 10. Bg2 Bb7 11. Bxb7 Nxb7 12. Qe4 Nc6 13. Nxc6 dxc6 14. Qxc6+ Qd7 15. Qe4 0-0 16. 0-0 Rfc8 17. Be3 Qc6 18. Qxc6 Rxc6 19. Rfd1 Rxc4 20. Rd7 Na5 21. Rad1 Kf8 22. R1d4 Ke8 23. Bg5 Rxd4 24. Rxd4 Rc8 25. Kf1 h6 26. Bd2 Rc4 27. Ke1 e5 28. Rxc4 Nxc4 29. Bc1 Kd7 30. Kd1 Kc6 31. Kc2 b5 32. Kd3 Kd5 33. e4+ Kc5 34. g4 a5 35. h4 a4 36. h5 Kd6 1/2-1/2

[Event "Nikaia op 19th"]
[Site "Nikaia"]
[Date "2011.09.01"]
[Round "8"]
[White "Alexopoulos, Alexios"]
[Black "Anastasopoulos, Spyros"]
[Result "0-1"]
[WhiteElo "1858"]
[BlackElo "2177"]
[PlyCount "89"]
[EventDate "2011.08.26"]
[EventType "swiss"]
[EventRounds "9"]
[EventCountry "GRE"]
[SourceTitle "CBM 144 Extra"]
[Source "ChessBase"]
[SourceDate "2011.10.28"]
[SourceVersion "1"]
[SourceVersionDate "2011.10.28"]
[SourceQuality "1"]

1. e4 c5 2. Nf3 d6 3. d4 cxd4 4. Qxd4 a6 5. c4 Nc6 6. Qe3 g6 7. h3 Bg7 8. Be2 Nf6 9. 0-0 0-0 10. Rd1 Nd7 11. Nc3 Nc5 12. Rb1 a5 13. b3 Bxc3 14. Qxc3 Nxe4 15. Qb2 f6 16. Bh6 Re8 17. Bd3 Nc5 18. Bc2 Nb4 19. Rbc1 Nxc2 20. Rxc2 b6 21. Qd4 Bb7 22. Rc3 e5 23. Qh4 Qe7 24. Bc1 Rad8 25. Nh2 g5 26. Qh5 Qf7 27. Qe2 d5 28. Ng4 Qe7 29. cxd5 Bxd5 30. Ba3 Be6 31. Rdc1 Bxg4 32. hxg4 Rd4 33. Qb5 Qd7 34. Rxc5 bxc5 35. Qxc5 Qxg4 36. Qxa5 Red8 37. f3 Rd1+ 38. Rxd1 Rxd1+ 39. Kf2 Qd4+ 40. Ke2 Qd3+ 41. Kf2 Qd2+ 42. Qxd2 Rxd2+ 43. Kg3 Rxa2 44. Bd6 h5 45. b4 0-1

[Event "Nikaia op 19th"]
[Site "Nikaia"]
[Date "2011.08.30"]
[Round "6"]
[White "Sgouros, Apostolos"]
[Black "Anastasopoulos, Spyros"]
[Result "1-0"]
[WhiteElo "2008"]
[BlackElo "2177"]
[PlyCount "49"]
[EventDate "2011.08.26"]
[EventType "swiss"]
[EventRounds "9"]
[EventCountry "GRE"]
[SourceTitle "CBM 144 Extra"]
[Source "ChessBase"]
[SourceDate "2011.10.28"]
[SourceVersion "1"]
[SourceVersionDate "2011.10.28"]
[SourceQuality "1"]

1. d4 Nf6 2. c4 g6 3. Nc3 d5 4. Nf3 Bg7 5. Qb3 dxc4 6. Qxc4 0-0 7. e4 Na6 8. Be2 c5 9. d5 e6 10. 0-0 exd5 11. exd5 Bf5 12. Rd1 Qb6 13. a3 Rfe8 14. h3 Bc2 15. Rd2 Bf5 16. Bd3 Bd7 17. Rd1 Nh5 18. g4 Nf6 19. Bf4 Rad8 20. Be5 Nc7 21. Bf1 a6 22. Qf4 Rxe5 23. Nxe5 Qxb2 24. Rac1 Be8 25. Nc4 1-0

[Event "Athens Kaissa op 1st"]
[Site "Athens"]
[Date "2009.09.13"]
[Round "1.4"]
[White "Anastasopoulos, Spyros"]
[Black "Koutsobinas, Georgios"]
[Result "1-0"]
[WhiteElo "2166"]
[BlackElo "1742"]
[PlyCount "73"]
[EventDate "2009.09.13"]
[EventType "swiss"]
[EventRounds "7"]
[EventCountry "GRE"]
[SourceTitle "EXT 2024"]
[Source "ChessBase"]
[SourceDate "2023.10.10"]
[SourceVersion "1"]
[SourceVersionDate "2023.10.10"]
[SourceQuality "1"]

1. d4 Nf6 2. c4 c5 3. d5 b5 4. cxb5 a6 5. bxa6 Bxa6 6. b3 g6 7. Bb2 Bg7 8. Qc2 d6 9. Nd2 0-0 10. e4 Qc7 11. Ngf3 Nbd7 12. Bxa6 Rxa6 13. 0-0 Rfa8 14. a3 Qb8 15. h3 Nh5 16. Bxg7 Kxg7 17. Nc4 Nb6 18. Nfd2 Nf4 19. Rfe1 Nd7 20. Nf3 Nb6 21. Nfd2 Nd7 22. Qc3+ Kg8 23. Nf3 Nb6 24. Qe3 Nxc4 25. bxc4 Nh5 26. e5 dxe5 27. Nxe5 Qd6 28. Ng4 R6a7 29. Qc3 f6 30. Re6 Nf4 31. Qxf6 exf6 32. Nxf6+ Kf7 33. Rxd6 Rxa3 34. Rxa3 Rxa3 35. Ne4 Ra1+ 36. Kh2 Rc1 37. Rf6+ 1-0

[Event "Ambelokipi op 87th"]
[Site "Athens"]
[Date "2008.05.31"]
[Round "7"]
[White "Anastasopoulos, Spyros"]
[Black "Delithanasis, Dimitrios"]
[Result "0-1"]
[WhiteElo "2201"]
[BlackElo "2187"]
[PlyCount "64"]
[EventDate "2008.05.10"]
[EventType "swiss"]
[EventRounds "7"]
[EventCountry "GRE"]
[SourceTitle "EXT 2010"]
[Source "ChessBase"]
[SourceDate "2010.11.25"]
[SourceVersion "1"]
[SourceVersionDate "2010.11.25"]
[SourceQuality "1"]

1. e4 e5 2. Nf3 Nc6 3. Bb5 a6 4. Ba4 Nf6 5. 0-0 Be7 6. Re1 b5 7. Bb3 0-0 8. c3 d6 9. h3 Na5 10. Bc2 c5 11. d4 Nd7 12. dxc5 dxc5 13. Nbd2 Bb7 14. Nf1 Nc4 15. a4 Qc7 16. b3 Nd6 17. Ne3 Nxe4 18. Nf5 Ndf6 19. Ng5 Nd6 20. Rxe5 Nxf5 21. Rxf5 g6 22. Rf4 Rad8 23. Qe2 Rfe8 24. Be3 Qe5 25. h4 Bd6 26. Re1 Nh5 27. Qxh5 gxh5 28. Bxh7+ Kg7 29. Rxf7+ Kh8 30. Rxb7 Qh2+ 31. Kf1 Qh1+ 32. Ke2 Rxe3+ 0-1

[Event "Ambelokipi op 86th"]
[Site "Athens"]
[Date "2008.04.07"]
[Round "1"]
[White "Anastasopoulos, Spyros"]
[Black "Karlis, Nikolaos"]
[Result "1-0"]
[WhiteElo "2201"]
[BlackElo "1767"]
[PlyCount "55"]
[EventDate "2008.04.07"]
[EventType "swiss"]
[EventRounds "7"]
[EventCountry "GRE"]
[SourceTitle "EXT 2010"]
[Source "ChessBase"]
[SourceDate "2010.11.25"]
[SourceVersion "1"]
[SourceVersionDate "2010.11.25"]
[SourceQuality "1"]

1. e4 e6 2. d4 d5 3. Nc3 dxe4 4. Nxe4 Nd7 5. Nf3 Be7 6. Bd3 b6 7. Qe2 Bb7 8. Bf4 Ngf6 9. 0-0-0 Nxe4 10. Bxe4 Qc8 11. Bxb7 Qxb7 12. d5 Nc5 13. Qb5+ c6 14. dxc6 Qa6 15. Qxa6 Nxa6 16. a3 0-0 17. b4 Rfc8 18. Rd7 Kf8 19. Nd4 Ke8 20. Rd1 Bf6 21. Bg3 Nb8 22. Nb5 Rxc6 23. Nc7+ Rxc7 24. Rxc7 Na6 25. Rb7 Bg5+ 26. Kb1 f5 27. Be5 Bh6 28. Rdd7 1-0